00485nam a2200157Ia 4500008004100000041000800041082001200049100001500061245003800076250001400114260003300128300003100161365000500192999001500197952011500212240624s9999 xx 000 0 und d aeng a515 FLE aFLETCHER R aPRACTICAL METHODS OF OPTIMIZATION a(2nd ed.) c2003aChichesterbJohn Wiley axiv, : 436 : P. : cm. ; 26 c c3522d3522 00104070aIMTNbIMTNcRack 17-Ad2006-04-25eAPg5.90o515 FLEp3522r2024-06-24 00:00:00t1w2024-06-24yBK